000 00760nam a2200289Ia 4500
005 20260121125519.0
008 008 260114s9999 xx 000 0 eng d
020 _a9782763710778
037 _aEBOOK
040 _aCRL
040 _beng
040 _cCRL
041 _2eng
041 _aeng
084 _qCRL
100 _aLemonnier, France H.
_9994229
245 0 _aLa qualite du francais ecrit. Comment lanalyser? Comment levaluer ?
260 _bWalter de Gruyter
260 _bWalter de Gruyter
260 _c2010
650 _aGermanic and Romanic Studies
_9994230
700 _a Gagnon, odette
_9994231
856 _uhttp://www.degruyter.com/isbn/9782763710778
942 _cEBOOK
999 _c1562551
_d1562551